书目信息 |
| 题名: |
原始思维
|
|
| 作者: | 列维-布留尔 ;丁由 译 | |
| 分册: | ||
| 出版信息: | 北京 商务印书馆 1987 |
|
| 页数: | 501页 | |
| 开本: | 20cm | |
| 丛书名: | ||
| 单 册: | ||
| 中图分类: | B80-05 | |
| 科图分类: | ||
| 主题词: | 思维科学 | |
| 电子资源: | ||
| ISBN: | ||
| 000 | 00552nam0 2200193 450 | |
| 001 | 0753865015 | |
| 005 | 20070818145745.01 | |
| 010 | @d¥2.75 | |
| 100 | @a20070818d km y0chiy0120 ea | |
| 101 | 0 | @achi |
| 200 | 1 | @a原始思维@Ayuan shi si wei@f(法)列维-布留尔@F(fa)lie wei-bu liu er@g丁由译@Gding you yi |
| 210 | @a北京@c商务印书馆@d1987 | |
| 215 | @a501页@d20cm | |
| 606 | 0 | @a思维科学 |
| 690 | @aB80-05@v3 | |
| 701 | 0 | @a列维-布留尔@Alie wei-bu liu er |
| 702 | 0 | @a丁由@Ading you@4译 |
| 801 | 0 | @aCN@bPFT@c20070818 |
| 905 | @a213230@dB80-05@ee116@f1 | |
| 原始思维/(法)列维-布留尔/丁由译.-北京:商务印书馆,1987 |
| 501页;20cm |
| ISBN :¥2.75 |
| ● |
| 相关链接 |
|
|
|
|
正题名:原始思维
索取号:B80-05/e116
 
预约/预借
| 序号 | 登录号 | 条形码 | 馆藏地/架位号 | 状态 | 备注 |
| 1 | 6300178 | 263001780 | 教育系资料室/ [索取号:B80-05/e116] | 在馆 | |
| 2 | 6300179 | 263001799 | 教育系资料室/ [索取号:B80-05/e116] | 在馆 |